000 00381nam a2200133Ia 4500
003 GCL
008 140319s9999 xx 000 0 ara d
040 _aGCL /
_cGCL
082 0 4 _a419
_bع ك
100 1 _aعبدالله محمد الغذامى
245 1 0 _aالكتابة ضد الكتابة /
_cعبدالله محمد الغذامى
300 _a153 ص
490 _a100 قصة
_v0
999 _c43326
_d43326